000 00417nam a2200145 a 4500
001 21823
005 20180713215630.0
008 140415s1992 000 0 spa d
041 _aspa
082 _a769.572
_bSEG
245 0 0 _aSEGUNDA BIENAL INTERNACIONAL DEL CARTEL EN MEXICO 92
260 _a[s.l.] :
_bCONSEJO NACIONAL PARA LA CULTURA Y LAS ARTES,
_c1992
300 _a153
650 1 4 _aCARTELES
999 _c21823
_d21823